000 00299nam a2200109Ia 4500
008 200302s9999 xx 000 0 und d
100 _aPeter Stone
245 _aBritish Hospital and Health-Care Buildings Designs and Appraisals
260 _bThe Architectural Press
260 _c1980
300 _a279 P.,
999 _c157
_d157